00254nam a2200097Ia 4500008004100000082001500041100001900056245003400075260003900109300000800148210430s9999 xx 000 0 und d a297 M9631S aMuhammad Munir aSar e Hayat /cMuhammad Munir aRawalpindibImtiazi Printersc1979 a317